[Event "Bratislava-ch"]
[Site "Bratislava"]
[Date "2003.04.06"]
[Round "5"]
[White "Vasil, Patrik"]
[Black "Priam, Stefan"]
[Result "0-1"]
[WhiteElo "1350"]
[BlackElo "1842"]
[PlyCount "52"]
[EventDate "2003.03.??"]
[EventType "swiss"]
[EventRounds "9"]
[EventCountry "SVK"]
[SourceTitle "EXT 2006"]
[Source "ChessBase"]
[SourceDate "2005.11.24"]
[SourceVersion "1"]
[SourceVersionDate "2005.11.24"]
[SourceQuality "1"]

1. e4 d5 2. exd5 Qxd5 3. d4 Nf6 4. c4 Qe4+ 5. Be3 Ng4 6. Qd3 Qe6 7. h3 Nxe3 8. Qxe3 Qb6 9. b3 Nc6 10. Nf3 Bf5 11. Qf4 e6 12. c5 Qa5+ 13. Nbd2 Nb4 14. Ne5 Nc2+ 15. Kd1 Nxa1 16. Bd3 0-0-0 17. Bxf5 exf5 18. Qxf5+ Kb8 19. Nd7+ Ka8 20. Qd5 Be7 21. Re1 c6 22. Qxf7 Rxd7 23. Rxe7 Rxd4 24. Re8+ Rxe8 25. Qxe8+ Rd8 26. Qe3 Qxa2 0-1